[Event "VI Torneo Leonardo di Bona Internazionale"]
[Site "Cutro ITA"]
[Date "2000.04.27"]
[Round "1"]
[White "Chatalbashev, Boris"]
[Black "Ortega, Lexy"]
[Result "1/2-1/2"]
[WhiteElo "2522"]
[BlackElo "2479"]
[PlyCount "21"]
[EventDate "2000.04.27"]

1. d4 d5 2. c4 e6 3. Nc3 c6 4. e3 f5 5. f4 Nf6 6. Nf3 Bd6 7. Bd3 O-O 8. O-O Bd7
9. Bd2 Be8 10. Qb3 Rf7 11. Be1 1/2-1/2

[Event "VI Torneo Leonardo di Bona Internazionale"]
[Site "Cutro ITA"]
[Date "2000.04.27"]
[Round "1"]
[White "Pegorari, Pietro"]
[Black "Timoscenko, Gennadij A."]
[Result "1/2-1/2"]
[WhiteElo "2366"]
[BlackElo "2519"]
[PlyCount "31"]
[EventDate "2000.04.27"]

1. c4 c5 2. Nf3 g6 3. g3 Bg7 4. Bg2 Nc6 5. O-O e5 6. Nc3 Nge7 7. d3 d6 8. a3 a5
9. Rb1 O-O 10. Ne1 Be6 11. Nc2 d5 12. cxd5 Nxd5 13. Nxd5 Bxd5 14. Bxd5 Qxd5 15.
b4 axb4 16. axb4 1/2-1/2

[Event "VI Torneo Leonardo di Bona Internazionale"]
[Site "Cutro ITA"]
[Date "2000.04.27"]
[Round "1"]
[White "Ristic, Nenad"]
[Black "Abatino, Maurizio"]
[Result "1/2-1/2"]
[WhiteElo "2435"]
[BlackElo "2248"]
[PlyCount "43"]
[EventDate "2000.04.27"]

1. Nf3 Nf6 2. c4 e6 3. g3 b6 4. Bg2 Bb7 5. O-O Be7 6. d4 O-O 7. Nc3 d5 8. Ne5
Na6 9. cxd5 exd5 10. Bf4 c5 11. Rc1 cxd4 12. Nb5 Nc5 13. Nxd4 Bd6 14. b4 Nce4
15. f3 Bxe5 16. Bxe5 Nd6 17. Nc6 Qd7 18. Bxf6 Bxc6 19. Ba1 Rad8 20. Qd4 f6 21.
Qc3 Bb5 22. Rfe1 1/2-1/2

[Event "VI Torneo Leonardo di Bona Internazionale"]
[Site "Cutro ITA"]
[Date "2000.04.28"]
[Round "2"]
[White "Abatino, Maurizio"]
[Black "Chatalbashev, Boris"]
[Result "0-1"]
[WhiteElo "2248"]
[BlackElo "2522"]
[PlyCount "78"]
[EventDate "2000.04.27"]

1. d4 g6 2. c4 Bg7 3. Nc3 c5 4. e3 Nf6 5. Nf3 O-O 6. Be2 d6 7. O-O Bf5 8. d5
Na6 9. Ne1 e5 10. g4 Bd7 11. e4 Kh8 12. Ng2 Qe7 13. f3 Ng8 14. Be3 Bh6 15. Qd2
Bxe3+ 16. Qxe3 f6 17. h3 Nc7 18. a3 b6 19. Kf2 f5 20. Ke1 b5 21. cxb5 Rab8 22.
a4 a6 23. Rf2 axb5 24. axb5 Nxb5 25. Nxb5 Bxb5 26. Bxb5 Rxb5 27. Qd3 Qb7 28.
gxf5 gxf5 29. Rb1 fxe4 30. fxe4 Rxf2 31. Kxf2 Rxb2+ 32. Rxb2 Qxb2+ 33. Qe2 Qd4+
34. Qe3 Nf6 35. Kf3 Qc4 36. Nh4 Qf1+ 37. Kg3 c4 38. Nf5 c3 39. Nxd6 Qf4+ 0-1

[Event "VI Torneo Leonardo di Bona Internazionale"]
[Site "Cutro ITA"]
[Date "2000.04.28"]
[Round "2"]
[White "Borgo, Giulio"]
[Black "Miladinovic, Igor"]
[Result "1/2-1/2"]
[WhiteElo "2382"]
[BlackElo "2538"]
[PlyCount "105"]
[EventDate "2000.04.27"]

1. e4 c5 2. Nf3 e6 3. c4 Nc6 4. Nc3 a6 5. Be2 Nf6 6. O-O Qc7 7. d4 cxd4 8. Nxd4
Nxd4 9. Qxd4 Bd6 10. Kh1 b6 11. Be3 Bb7 12. f3 Bxh2 13. Qxb6 Qxb6 14. Bxb6 Be5
15. Rfd1 Nh5 16. Kg1 f6 17. Bc5 g5 18. Bd6 Nf4 19. Bxe5 fxe5 20. Kf2 Rc8 21.
Rac1 Ke7 22. Bf1 h5 23. b4 h4 24. c5 g4 25. fxg4 Rcf8 26. Kg1 Rhg8 27. Rd2 Rxg4
28. Kh2 Rg3 29. a4 Re3 30. b5 axb5 31. axb5 Rc8 32. Rcd1 d5 33. Na4 Rxe4 34.
Ra1 Rb4 35. Rc2 Ra8 36. c6 Bc8 37. Rca2 Rb8 38. Rb2 Rxb2 39. Nxb2 Kd6 40. Ra7
e4 41. Na4 e3 42. c7 Rb7 43. b6 e2 44. Bxe2 Nxe2 45. Ra8 Rxc7 46. bxc7 Kxc7 47.
Kh3 Kb7 48. Nb6 Bd7 49. Nxd7 Kxa8 50. Kxh4 d4 51. Kg4 d3 52. Kf3 Nf4 53. Ke3
1/2-1/2

[Event "VI Torneo Leonardo di Bona Internazionale"]
[Site "Cutro ITA"]
[Date "2000.04.28"]
[Round "2"]
[White "Drasko, Milan"]
[Black "Aleksic, Nenad"]
[Result "1/2-1/2"]
[WhiteElo "2520"]
[BlackElo "2405"]
[PlyCount "27"]
[EventDate "2000.04.27"]

1. c4 c5 2. Nf3 Nc6 3. Nc3 g6 4. g3 Bg7 5. Bg2 e6 6. O-O Nge7 7. d3 O-O 8. Bd2
b6 9. a3 Bb7 10. Rb1 d5 11. b4 cxb4 12. axb4 dxc4 13. dxc4 Rc8 14. Qc1 1/2-1/2

[Event "VI Torneo Leonardo di Bona Internazionale"]
[Site "Cutro ITA"]
[Date "2000.04.28"]
[Round "2"]
[White "Razuvaev, Yuri S."]
[Black "Pegorari, Pietro"]
[Result "1-0"]
[WhiteElo "2548"]
[BlackElo "2366"]
[PlyCount "53"]
[EventDate "2000.04.27"]

1. c4 Nf6 2. Nc3 e6 3. d4 d5 4. cxd5 exd5 5. Bg5 Be7 6. e3 c6 7. Qc2 Nbd7 8.
Bd3 O-O 9. Nf3 Re8 10. h3 Nf8 11. Bf4 Ne6 12. Be5 g6 13. O-O-O Ng7 14. g4 Bd6
15. Rhe1 Rf8 16. Kb1 Nfe8 17. Rg1 f6 18. Bh2 Qc7 19. Bxd6 Nxd6 20. Nxd5 Qf7 21.
Nf4 Ne6 22. Ne2 Nc7 23. e4 Be6 24. Nc1 Nc4 25. g5 b5 26. gxf6 Qxf6 27. Rg3 1-0

[Event "VI Torneo Leonardo di Bona Internazionale"]
[Site "Cutro ITA"]
[Date "2000.04.28"]
[Round "2"]
[White "Timoscenko, Gennadij A."]
[Black "Ristic, Nenad"]
[Result "1-0"]
[WhiteElo "2519"]
[BlackElo "2435"]
[PlyCount "61"]
[EventDate "2000.04.27"]

1. Nf3 Nf6 2. c4 g6 3. Nc3 d5 4. Qa4+ Bd7 5. Qb3 dxc4 6. Qxc4 Bg7 7. e4 O-O 8.
e5 Ng4 9. d4 Nc6 10. h3 Nh6 11. Bf4 Na5 12. Qe2 f6 13. O-O-O fxe5 14. Bxe5 Bf6
15. d5 b6 16. Nd4 Qc8 17. Qe3 Nf7 18. Bxf6 exf6 19. Ne6 Bxe6 20. dxe6 Nd6 21.
e7 Rf7 22. Rxd6 cxd6 23. Bb5 Qb7 24. e8=Q+ Rxe8 25. Qxe8+ Kg7 26. Qe4 Qc8 27.
Rd1 a6 28. Be2 Qc5 29. Qd4 b5 30. Qxc5 dxc5 31. Rd6 1-0

[Event "VI Torneo Leonardo di Bona Internazionale"]
[Site "Cutro ITA"]
[Date "2000.04.29"]
[Round "3"]
[White "Miladinovic, Igor"]
[Black "Ortega, Lexy"]
[Result "1-0"]
[WhiteElo "2538"]
[BlackElo "2479"]
[PlyCount "79"]
[EventDate "2000.04.27"]

1. d4 e6 2. e4 d5 3. Nc3 Nf6 4. e5 Nfd7 5. f4 c5 6. Nf3 Nc6 7. Be3 cxd4 8. Nxd4
Bc5 9. Qd2 a6 10. h4 O-O 11. h5 Nxd4 12. Bxd4 b5 13. h6 g6 14. O-O-O Qc7 15.
Rh3 b4 16. Na4 Bxd4 17. Qxd4 a5 18. Kb1 Ba6 19. Bxa6 Rxa6 20. c4 Rc8 21. b3 Rc6
22. Rhh1 Nf8 23. Nb2 Rd8 24. Qe3 Qe7 25. g4 f6 26. Rhe1 Rd7 27. Qf3 fxe5 28.
Rxe5 Qd8 29. Ree1 Rcc7 30. g5 Qc8 31. cxd5 Rc3 32. Qg2 exd5 33. Rxd5 Qc6 34.
Rd2 Re7 35. Red1 Qe6 36. Qd5 Qxd5 37. Rxd5 Re2 38. Rxa5 Rf3 39. Nd3 Ree3 40.
Nxb4 1-0

[Event "VI Torneo Leonardo di Bona Internazionale"]
[Site "Cutro ITA"]
[Date "2000.04.29"]
[Round "3"]
[White "Pegorari, Pietro"]
[Black "Drasko, Milan"]
[Result "1/2-1/2"]
[WhiteElo "2366"]
[BlackElo "2520"]
[PlyCount "39"]
[EventDate "2000.04.27"]

1. c4 e5 2. g3 Nc6 3. Nc3 g6 4. Bg2 Bg7 5. Rb1 a5 6. a3 f5 7. d3 Nf6 8. e3 O-O
9. Nge2 d6 10. b4 axb4 11. axb4 Ne7 12. Qb3 Kh8 13. O-O c6 14. Rd1 Be6 15. d4
Qc7 16. d5 cxd5 17. Nxd5 Nexd5 18. cxd5 Bd7 19. b5 Rfc8 20. Bd2 1/2-1/2

[Event "VI Torneo Leonardo di Bona Internazionale"]
[Site "Cutro ITA"]
[Date "2000.04.29"]
[Round "3"]
[White "Ristic, Nenad"]
[Black "Razuvaev, Yuri S."]
[Result "1/2-1/2"]
[WhiteElo "2435"]
[BlackElo "2548"]
[PlyCount "29"]
[EventDate "2000.04.27"]

1. e4 c5 2. Nf3 e6 3. c3 d5 4. exd5 Qxd5 5. d4 Nf6 6. Be2 cxd4 7. cxd4 Nc6 8.
Nc3 Qd6 9. O-O Be7 10. Nb5 Qd8 11. Bf4 Nd5 12. Bg3 a6 13. Nc3 O-O 14. Rc1 Nf6
15. a3 1/2-1/2

[Event "VI Torneo Leonardo di Bona Internazionale"]
[Site "Cutro ITA"]
[Date "2000.04.29"]
[Round "3"]
[White "Skembris, Spyridon"]
[Black "Abatino, Maurizio"]
[Result "1-0"]
[WhiteElo "2481"]
[BlackElo "2248"]
[PlyCount "65"]
[EventDate "2000.04.27"]

1. c4 Nf6 2. Nf3 e6 3. Nc3 Bb4 4. g3 b6 5. Bg2 Bb7 6. O-O O-O 7. d3 Bxc3 8.
bxc3 d6 9. e4 Nbd7 10. a4 a5 11. Nd4 Nc5 12. f4 Nfd7 13. Re1 f6 14. Ra2 Re8 15.
Rf2 Re7 16. Ba3 Qe8 17. Nb5 Nf8 18. d4 Na6 19. e5 Bxg2 20. exd6 Rf7 21. Rxg2 c6
22. Rge2 Qd7 23. f5 e5 24. dxe5 fxe5 25. Rxe5 cxb5 26. cxb5 Nc5 27. Bxc5 bxc5
28. f6 Ng6 29. Qd5 Nxe5 30. Qxa8+ Rf8 31. Qd5+ Nf7 32. fxg7 Kxg7 33. Re7 1-0

[Event "VI Torneo Leonardo di Bona Internazionale"]
[Site "Cutro ITA"]
[Date "2000.04.30"]
[Round "4"]
[White "Aleksic, Nenad"]
[Black "Pegorari, Pietro"]
[Result "1/2-1/2"]
[WhiteElo "2405"]
[BlackElo "2366"]
[PlyCount "40"]
[EventDate "2000.04.27"]

1. e4 e5 2. Nf3 Nc6 3. Bb5 a6 4. Ba4 Nf6 5. Qe2 Bc5 6. O-O d6 7. c3 b5 8. Bb3
Bb7 9. d3 O-O 10. Rd1 Qe7 11. Nbd2 Bb6 12. Nf1 Na5 13. Bc2 Ng4 14. Ne3 Nxe3 15.
Bxe3 Bxe3 16. Qxe3 c5 17. a3 Nc6 18. Bb3 Na5 19. Bc2 Nc6 20. Bb3 Na5 1/2-1/2

[Event "VI Torneo Leonardo di Bona Internazionale"]
[Site "Cutro ITA"]
[Date "2000.04.30"]
[Round "4"]
[White "Borgo, Giulio"]
[Black "Ortega, Lexy"]
[Result "1/2-1/2"]
[WhiteElo "2382"]
[BlackElo "2479"]
[PlyCount "39"]
[EventDate "2000.04.27"]

1. e4 e6 2. d4 d5 3. Nc3 Nf6 4. e5 Nfd7 5. f4 c5 6. Nf3 Nc6 7. Be3 cxd4 8. Nxd4
Bc5 9. Qd2 O-O 10. O-O-O a6 11. h4 Nxd4 12. Bxd4 b5 13. Rh3 Qc7 14. Kb1 b4 15.
Na4 Bxd4 16. Qxd4 a5 17. Bb5 Rb8 18. Bd3 Qc6 19. b3 Ba6 20. h5 1/2-1/2

[Event "VI Torneo Leonardo di Bona Internazionale"]
[Site "Cutro ITA"]
[Date "2000.04.30"]
[Round "4"]
[White "Drasko, Milan"]
[Black "Ristic, Nenad"]
[Result "1/2-1/2"]
[WhiteElo "2520"]
[BlackElo "2435"]
[PlyCount "34"]
[EventDate "2000.04.27"]

1. c4 e5 2. g3 Nf6 3. Bg2 Nc6 4. Nc3 g6 5. Nf3 Bg7 6. O-O O-O 7. d3 d6 8. Rb1
a5 9. a3 Nd4 10. b4 axb4 11. axb4 c6 12. b5 Nxf3+ 13. Bxf3 d5 14. bxc6 bxc6 15.
cxd5 cxd5 16. Bg5 Be6 17. Rb5 Ra5 1/2-1/2

[Event "VI Torneo Leonardo di Bona Internazionale"]
[Site "Cutro ITA"]
[Date "2000.04.30"]
[Round "4"]
[White "Razuvaev, Yuri S."]
[Black "Chatalbashev, Boris"]
[Result "1-0"]
[WhiteElo "2548"]
[BlackElo "2522"]
[PlyCount "108"]
[EventDate "2000.04.27"]

1. d4 g6 2. c4 Bg7 3. Nc3 c5 4. d5 d6 5. e4 e6 6. Nge2 exd5 7. cxd5 Ne7 8. h4
h5 9. Bg5 a6 10. a4 Nd7 11. Ng3 Ne5 12. Be2 f6 13. Be3 f5 14. Qd2 O-O 15. O-O
Kh7 16. exf5 Nxf5 17. Bg5 Qa5 18. Nge4 Bd7 19. Bf4 Nd4 20. Ng5+ Kh8 21. Rae1
Rae8 22. Bxe5 Rxe5 23. Bd3 Rxd5 24. Qd1 Rxg5 25. hxg5 Bf5 26. Bxf5 Nxf5 27. Re6
Qb4 28. Qe1 Qxb2 29. Re8 Kh7 30. Nd5 Qd4 31. Rxf8 Qxd5 32. Re8 c4 33. Qe2 c3
34. Rd1 Qb3 35. Rc8 Qf7 36. Qd3 h4 37. Rxc3 Bxc3 38. Qxc3 Qe7 39. Qd2 b5 40.
Re1 Qd7 41. axb5 axb5 42. Ra1 Qe7 43. Ra8 Qe5 44. Qc1 Ng7 45. Qc8 Qe1+ 46. Kh2
Qe5+ 47. Kh3 Ne8 48. Qxe8 Qf5+ 49. Kxh4 Qf4+ 50. Kh3 Qf5+ 51. Kg3 Qxg5+ 52. Kf3
Qh5+ 53. g4 Qh3+ 54. Kf4 g5+ 1-0

[Event "VI Torneo Leonardo di Bona Internazionale"]
[Site "Cutro ITA"]
[Date "2000.05.01"]
[Round "5"]
[White "Chatalbashev, Boris"]
[Black "Drasko, Milan"]
[Result "0-1"]
[WhiteElo "2522"]
[BlackElo "2520"]
[PlyCount "148"]
[EventDate "2000.04.27"]

1. d4 e6 2. Nf3 Nf6 3. Bg5 c5 4. e3 h6 5. Bh4 b6 6. Bd3 Bb7 7. O-O Be7 8. c4
O-O 9. Nc3 cxd4 10. exd4 d5 11. Qe2 dxc4 12. Bxc4 Nc6 13. Rad1 Nb4 14. Bg3 Rc8
15. Ne5 Nbd5 16. Nxd5 Nxd5 17. a3 Bh4 18. Rfe1 Bxg3 19. hxg3 Rc7 20. f4 Qd6 21.
Bd3 Rd8 22. Qf2 Ne7 23. g4 f6 24. Nc4 Qd7 25. Ne3 Kh8 26. g5 f5 27. gxh6 gxh6
28. Qh4 Ng8 29. d5 Qe7 30. Qh3 Bxd5 31. Nxf5 Qc5+ 32. Ne3 Rg7 33. g4 Bb3 34.
Rd2 Rgd7 35. Bc2 Rxd2 36. Bxb3 R8d3 37. Bxe6 Rd1 38. Rxd1 Rxe3 39. b4 Qc3 40.
Qf1 Rxe6 41. Qf2 Qe3 42. Rd7 a5 43. Qxe3 Rxe3 44. bxa5 bxa5 45. Kf2 Nf6 46.
Rd8+ Re8 47. Rd4 Nxg4+ 48. Kf3 Nf6 49. Rd6 Kg7 50. Ra6 Rb8 51. Rxa5 Rb3+ 52.
Kg2 Kg6 53. a4 Ra3 54. Kh2 Rf3 55. Rb5 Rxf4 56. a5 Ra4 57. Kg3 Ra1 58. Kf4 Ra4+
59. Ke5 h5 60. Kd6 h4 61. Kc6 h3 62. Rb3 h2 63. Rh3 Ra2 64. Kb7 Ne4 65. Kb6 Ng5
66. Rh4 Rb2+ 67. Kc7 Ne6+ 68. Kd6 Kg5 69. Rh8 Nf4 70. a6 Nh5 71. a7 Ra2 72.
Rg8+ Kh4 73. Rg2 Rxg2 74. a8=Q h1=Q 0-1

[Event "VI Torneo Leonardo di Bona Internazionale"]
[Site "Cutro ITA"]
[Date "2000.05.01"]
[Round "5"]
[White "Miladinovic, Igor"]
[Black "Timoscenko, Gennadij A."]
[Result "0-1"]
[WhiteElo "2538"]
[BlackElo "2519"]
[PlyCount "124"]
[EventDate "2000.04.27"]

1. d4 d5 2. Bg5 h6 3. Bh4 c6 4. c3 Bf5 5. Nd2 Nd7 6. e3 Ngf6 7. f3 Qb6 8. b4 e5
9. Nb3 Bd6 10. g4 Bh7 11. Bg3 Qc7 12. Ne2 e4 13. Bxd6 Qxd6 14. Ng3 exf3 15.
Qxf3 Ne4 16. Qf4 Qxf4 17. exf4 Nxc3 18. Kd2 Ne4+ 19. Nxe4 Bxe4 20. Rg1 f5 21.
Be2 Kf7 22. Rac1 Rac8 23. Rc3 fxg4 24. Bxg4 Rc7 25. Nc5 Nxc5 26. bxc5 Rb8 27.
Rcg3 b6 28. Bf3 Kf8 29. Bxe4 dxe4 30. Rb3 Rd8 31. Ke3 bxc5 32. dxc5 Rd5 33.
Rb8+ Kf7 34. Rgb1 Re7 35. R1b7 Rd3+ 36. Ke2 Ra3 37. Rxe7+ Kxe7 38. Rb7+ Kf6 39.
Rc7 Kf5 40. Rd7 Kg4 41. h4 a5 42. f5 Kf4 43. f6 Rxa2+ 44. Kd1 g5 45. Rh7 Ke3
46. h5 Rd2+ 47. Kc1 Rd5 48. Rxh6 Kf2 49. Rh8 Rxc5+ 50. Kd1 Rf5 51. Re8 Rxf6 52.
Rxe4 Rd6+ 53. Kc2 Kg3 54. Re1 g4 55. Rh1 Kg2 56. Rh4 Kg3 57. Rh1 Rh6 58. Kd3
Kg2 59. Rh4 Kg3 60. Rh1 Kg2 61. Rh4 Kf3 62. Rh1 g3 0-1

[Event "VI Torneo Leonardo di Bona Internazionale"]
[Site "Cutro ITA"]
[Date "2000.05.01"]
[Round "5"]
[White "Skembris, Spyridon"]
[Black "Razuvaev, Yuri S."]
[Result "1/2-1/2"]
[WhiteElo "2481"]
[BlackElo "2548"]
[PlyCount "33"]
[EventDate "2000.04.27"]

1. d4 Nf6 2. c4 e6 3. Nf3 b6 4. g3 Ba6 5. Qa4 Bb7 6. Bg2 c5 7. dxc5 Bxc5 8. Nc3
O-O 9. O-O Be7 10. Rd1 Na6 11. Be3 Qc8 12. Rac1 Nc5 13. Qc2 Nce4 14. Bd4 Nxc3
15. Qxc3 Rd8 16. b3 Qc7 17. Nd2 1/2-1/2

[Event "VI Torneo Leonardo di Bona Internazionale"]
[Site "Cutro ITA"]
[Date "2000.05.02"]
[Round "6"]
[White "Borgo, Giulio"]
[Black "Abatino, Maurizio"]
[Result "0-1"]
[WhiteElo "2382"]
[BlackElo "2248"]
[PlyCount "69"]
[EventDate "2000.04.27"]

1. e4 e6 2. d3 d5 3. Qe2 Ne7 4. Nf3 c5 5. g3 Nbc6 6. Bg2 g6 7. h4 h6 8. Bf4 Bg7
9. e5 Qc7 10. Nbd2 b6 11. O-O-O b5 12. Nb3 c4 13. Nbd4 Rb8 14. Kb1 Nxd4 15.
Nxd4 c3 16. bxc3 a5 17. Qe3 a4 18. Qd2 Bd7 19. a3 Bxe5 20. Bxe5 Qxe5 21. f4 Qd6
22. Kb2 h5 23. Qe3 O-O 24. Rhe1 Rfc8 25. Bh3 Qc5 26. Qd2 Rc7 27. Re3 Rbc8 28.
Ne2 Nc6 29. d4 Qb6 30. Nc1 Na5 31. Ka2 Nc4 32. Qe1 Nxe3 33. Qxe3 Rxc3 34. Qe5
Rxc2+ 35. Kb1 0-1

[Event "VI Torneo Leonardo di Bona Internazionale"]
[Site "Cutro ITA"]
[Date "2000.05.02"]
[Round "6"]
[White "Drasko, Milan"]
[Black "Skembris, Spyridon"]
[Result "1/2-1/2"]
[WhiteElo "2520"]
[BlackElo "2481"]
[PlyCount "20"]
[EventDate "2000.04.27"]

1. c4 e5 2. g3 Nf6 3. Bg2 d5 4. cxd5 Nxd5 5. Nc3 Nb6 6. Nf3 Nc6 7. O-O Be7 8.
d3 O-O 9. a3 Be6 10. b4 a6 1/2-1/2

[Event "VI Torneo Leonardo di Bona Internazionale"]
[Site "Cutro ITA"]
[Date "2000.05.02"]
[Round "6"]
[White "Pegorari, Pietro"]
[Black "Ristic, Nenad"]
[Result "1-0"]
[WhiteElo "2366"]
[BlackElo "2435"]
[PlyCount "65"]
[EventDate "2000.04.27"]

1. c4 Nf6 2. Nc3 g6 3. g3 Bg7 4. Bg2 O-O 5. e4 d6 6. Nge2 c5 7. O-O Nc6 8. d3
Ne8 9. Be3 Nc7 10. Qd2 Re8 11. h3 Ne6 12. f4 Ned4 13. Kh2 a6 14. Rf2 e6 15.
Raf1 Rb8 16. g4 b5 17. f5 Be5+ 18. Bf4 Nxe2 19. Rxe2 bxc4 20. fxg6 hxg6 21.
dxc4 Bd4 22. Bg5 Qa5 23. Bf6 Bxf6 24. Rxf6 Qc7 25. Ref2 Ne5 26. Qf4 Qd7 27. Bf1
Qb7 28. h4 Qe7 29. Kg3 Rf8 30. h5 Nd7 31. g5 e5 32. Qh4 Nxf6 33. gxf6 1-0

[Event "VI Torneo Leonardo di Bona Internazionale"]
[Site "Cutro ITA"]
[Date "2000.05.02"]
[Round "6"]
[White "Razuvaev, Yuri S."]
[Black "Miladinovic, Igor"]
[Result "1/2-1/2"]
[WhiteElo "2548"]
[BlackElo "2538"]
[PlyCount "24"]
[EventDate "2000.04.27"]

1. d4 Nf6 2. Nf3 d5 3. c4 e6 4. Nc3 Be7 5. Bg5 h6 6. Bh4 O-O 7. e3 Ne4 8. Bxe7
Qxe7 9. Rc1 Nxc3 10. Rxc3 c6 11. Bd3 Nd7 12. O-O dxc4 1/2-1/2

[Event "VI Torneo Leonardo di Bona Internazionale"]
[Site "Cutro ITA"]
[Date "2000.05.03"]
[Round "7"]
[White "Abatino, Maurizio"]
[Black "Timoscenko, Gennadij A."]
[Result "0-1"]
[WhiteElo "2248"]
[BlackElo "2519"]
[PlyCount "112"]
[EventDate "2000.04.27"]

1. d4 Nf6 2. c4 g6 3. Nc3 Bg7 4. e4 d6 5. Be2 O-O 6. Bg5 h6 7. Be3 Nbd7 8. Qd2
c5 9. d5 Kh7 10. g4 b5 11. cxb5 a6 12. b6 Qxb6 13. f3 Rb8 14. b3 Ne5 15. Nh3 a5
16. O-O Ba6 17. Nf4 Bxe2 18. Nfxe2 Rfc8 19. h3 Qb4 20. Rab1 Ne8 21. Kg2 c4 22.
Bd4 cxb3 23. axb3 Rb7 24. Qe3 Rbc7 25. Rfc1 Nd7 26. Bxg7 Kxg7 27. Na4 Nc5 28.
Nxc5 Rxc5 29. Rxc5 Rxc5 30. Rc1 Rxc1 31. Nxc1 Nf6 32. Ne2 Qe1 33. Qd3 Nd7 34.
Qc2 Ne5 35. f4 Nd7 36. Qc3+ Qxc3 37. Nxc3 Nc5 38. Kf3 Nxb3 39. Na4 g5 40. fxg5
hxg5 41. Ke3 Nc5 42. Nb6 a4 43. Nc4 Kf6 44. Kd4 Nd7 45. Kc3 Ne5 46. Nb6 Ng6 47.
Nd7+ Kg7 48. Kb4 Nf4 49. Kxa4 f6 50. Kb4 Nxh3 51. Kc4 Nf2 52. Kd4 Nxg4 53. Nb8
Kf7 54. Nc6 Ke8 55. Nb4 Kd7 56. Nd3 Ne5 0-1

[Event "VI Torneo Leonardo di Bona Internazionale"]
[Site "Cutro ITA"]
[Date "2000.05.03"]
[Round "7"]
[White "Ortega, Lexy"]
[Black "Razuvaev, Yuri S."]
[Result "1/2-1/2"]
[WhiteElo "2479"]
[BlackElo "2548"]
[PlyCount "22"]
[EventDate "2000.04.27"]

1. d4 Nf6 2. Nf3 e6 3. g3 b6 4. Bg2 Bb7 5. c4 Be7 6. O-O O-O 7. Nc3 Ne4 8. Nxe4
Bxe4 9. Ne1 Bxg2 10. Nxg2 d5 11. Qa4 dxc4 1/2-1/2

[Event "VI Torneo Leonardo di Bona Internazionale"]
[Site "Cutro ITA"]
[Date "2000.05.03"]
[Round "7"]
[White "Ristic, Nenad"]
[Black "Borgo, Giulio"]
[Result "1-0"]
[WhiteElo "2435"]
[BlackElo "2382"]
[PlyCount "109"]
[EventDate "2000.04.27"]

1. e4 c5 2. Nf3 e6 3. c3 Nf6 4. e5 Nd5 5. d4 cxd4 6. cxd4 d6 7. Bc4 Nc6 8. O-O
Be7 9. exd6 Qxd6 10. Nc3 O-O 11. Re1 Rd8 12. Bb3 Nf6 13. Nb5 Qd7 14. Bf4 Ne8
15. Ng5 Nxd4 16. Nxd4 Qxd4 17. Qh5 Bxg5 18. Bxg5 Nf6 19. Qf3 Rd7 20. h3 Qd3 21.
Re3 Qg6 22. Bh4 Qh5 23. Qg3 Qg6 24. Qe5 Ne8 25. Ba4 b5 26. Bxb5 Bb7 27. Rg3 Rd5
28. Qc3 Qh6 29. Bxe8 Rxe8 30. Bf6 Rc8 31. Qf3 Rc1+ 32. Rxc1 Qxc1+ 33. Kh2 g6
34. Rg4 Qc7+ 35. Qg3 Qxg3+ 36. Kxg3 Rf5 37. Rb4 Rxf6 38. Rxb7 a5 39. Rb5 Rf5
40. Rxf5 gxf5 41. Kf4 Kf8 42. Ke5 Ke7 43. g3 f6+ 44. Kd4 Kd6 45. b3 Kc6 46. Kc4
Kb6 47. a3 Kc6 48. b4 axb4 49. axb4 Kb6 50. b5 h6 51. Kb4 e5 52. Kc4 h5 53. h4
f4 54. gxf4 exf4 55. f3 1-0

[Event "VI Torneo Leonardo di Bona Internazionale"]
[Site "Cutro ITA"]
[Date "2000.05.04"]
[Round "8"]
[White "Aleksic, Nenad"]
[Black "Miladinovic, Igor"]
[Result "1/2-1/2"]
[WhiteElo "2405"]
[BlackElo "2538"]
[PlyCount "26"]
[EventDate "2000.04.27"]

1. e4 c5 2. Nf3 Nc6 3. d4 cxd4 4. Nxd4 Qc7 5. Nc3 e6 6. g3 a6 7. Bg2 Nge7 8.
Nb3 Ng6 9. f4 b5 10. Be3 d6 11. h4 Bb7 12. Qd2 Be7 13. O-O-O Nf8 1/2-1/2

[Event "VI Torneo Leonardo di Bona Internazionale"]
[Site "Cutro ITA"]
[Date "2000.05.04"]
[Round "8"]
[White "Drasko, Milan"]
[Black "Ortega, Lexy"]
[Result "1-0"]
[WhiteElo "2520"]
[BlackElo "2479"]
[PlyCount "75"]
[EventDate "2000.04.27"]

1. Nf3 c5 2. c4 Nc6 3. d4 cxd4 4. Nxd4 Nf6 5. Nc3 e6 6. a3 d5 7. cxd5 exd5 8.
Bg5 Be7 9. e3 h6 10. Bh4 O-O 11. Be2 Qb6 12. Na4 Qa5+ 13. b4 Qd8 14. O-O a5 15.
b5 Ne5 16. Qc2 Bd7 17. Nf5 Rc8 18. Nxe7+ Qxe7 19. Qd2 g5 20. Bg3 Nc4 21. Bxc4
Rxc4 22. Nb6 Rc5 23. a4 h5 24. Qd4 Be6 25. Rac1 Rxc1 26. Rxc1 h4 27. Be5 Ng4
28. Rc7 Qd8 29. Rxb7 Nxe5 30. Qxe5 Re8 31. Qd4 Bc8 32. Ra7 Re6 33. Nxd5 Rd6 34.
e4 Be6 35. Ra6 Bxd5 36. Rxd6 Qxd6 37. exd5 Qb4 38. Qxb4 1-0

[Event "VI Torneo Leonardo di Bona Internazionale"]
[Site "Cutro ITA"]
[Date "2000.05.04"]
[Round "8"]
[White "Pegorari, Pietro"]
[Black "Skembris, Spyridon"]
[Result "1/2-1/2"]
[WhiteElo "2366"]
[BlackElo "2481"]
[PlyCount "22"]
[EventDate "2000.04.27"]

1. c4 e5 2. Nc3 Nf6 3. Nf3 Nc6 4. e3 d5 5. cxd5 Nxd5 6. a3 a6 7. Qc2 Be6 8. Be2
Be7 9. O-O O-O 10. Rd1 f5 11. d4 e4 1/2-1/2

[Event "VI Torneo Leonardo di Bona Internazionale"]
[Site "Cutro ITA"]
[Date "2000.05.04"]
[Round "8"]
[White "Razuvaev, Yuri S."]
[Black "Abatino, Maurizio"]
[Result "1-0"]
[WhiteElo "2548"]
[BlackElo "2248"]
[PlyCount "81"]
[EventDate "2000.04.27"]

1. d4 Nf6 2. Nf3 e6 3. g3 b6 4. Bg2 Bb7 5. c4 Be7 6. Nc3 d5 7. cxd5 exd5 8. O-O
O-O 9. Qc2 Na6 10. Rd1 Re8 11. Bf4 Bf8 12. Rac1 c6 13. Ne5 Qe7 14. e4 Nc7 15.
Bg5 Ne6 16. Bxf6 Qxf6 17. Nd7 Qg5 18. f4 Qh5 19. Nxf8 Nxf8 20. e5 Bc8 21. b4
Bf5 22. Qf2 a6 23. a4 b5 24. a5 Rad8 25. Rd2 Re6 26. Nd1 Rh6 27. Bf3 Qg6 28.
Ne3 Be4 29. Qg2 Bd3 30. Ng4 Bc4 31. Nxh6+ Qxh6 32. Bg4 Qg6 33. Bd1 Qe6 34. Bc2
Re8 35. Qf3 Qh6 36. Re1 Kh8 37. Qe3 Kg8 38. f5 Qxe3+ 39. Rxe3 Kh8 40. g4 Kg8
41. Kf2 1-0

[Event "VI Torneo Leonardo di Bona Internazionale"]
[Site "Cutro ITA"]
[Date "2000.05.05"]
[Round "9"]
[White "Chatalbashev, Boris"]
[Black "Borgo, Giulio"]
[Result "1-0"]
[WhiteElo "2522"]
[BlackElo "2382"]
[PlyCount "82"]
[EventDate "2000.04.27"]

1. d4 d5 2. c4 e6 3. Nc3 Nf6 4. cxd5 exd5 5. Bg5 c6 6. e3 Be7 7. Bd3 Nbd7 8.
Qc2 Nh5 9. h4 Ndf6 10. Nge2 h6 11. Nf4 Nxf4 12. Bxf4 Bd6 13. Bxd6 Qxd6 14.
O-O-O Be6 15. f3 h5 16. Kb1 O-O-O 17. Nb5 Qd7 18. Qa4 a6 19. Nc3 Bf5 20. e4
dxe4 21. fxe4 Bg4 22. e5 Ne8 23. Qb3 Nc7 24. Rd2 Qxd4 25. Bxa6 Qa7 26. Rxd8+
Rxd8 27. Bc4 Qd4 28. Bxf7 Qxe5 29. Ka1 Kb8 30. Qb4 Rd4 31. Qf8+ Ka7 32. Bg6 Ne6
33. Qa3+ Kb8 34. Rf1 Nf4 35. Be4 Kc7 36. Qf8 Ne6 37. Qe7+ Rd7 38. Qb4 Rd4 39.
Rf7+ Kd8 40. Qe7+ Kc8 41. Qxb7+ Kd8 1-0

[Event "VI Torneo Leonardo di Bona Internazionale"]
[Site "Cutro ITA"]
[Date "2000.05.05"]
[Round "9"]
[White "Miladinovic, Igor"]
[Black "Pegorari, Pietro"]
[Result "1/2-1/2"]
[WhiteElo "2538"]
[BlackElo "2366"]
[PlyCount "23"]
[EventDate "2000.04.27"]

1. d4 d5 2. Nf3 Nf6 3. g3 e6 4. Bg2 c5 5. O-O Nc6 6. dxc5 Bxc5 7. c4 O-O 8.
cxd5 exd5 9. Bg5 h6 10. Bxf6 Qxf6 11. Nc3 d4 12. Ne4 1/2-1/2